[Event "Barcelona Sant Marti op-B 23rd"]
[Site "Barcelona"]
[Date "2023.07.21"]
[Round "9"]
[White "Julia Yebra, David"]
[Black "Blasco Cardona, Pol"]
[Result "0-1"]
[WhiteElo "1777"]
[BlackElo "1916"]
[PlyCount "72"]
[EventDate "2023.07.13"]
[EventType "swiss"]
[EventRounds "9"]
[EventCountry "ESP"]
[SourceTitle "CBM 215 Extra"]
[Source "ChessBase"]
[SourceDate "2023.09.30"]
[SourceVersion "1"]
[SourceVersionDate "2023.09.30"]
[SourceQuality "1"]

1. c4 Nf6 2. d4 c5 3. Nf3 cxd4 4. Nxd4 e5 5. Nb3 Nc6 6. g3 h5 7. h4 d5 8. cxd5 Qxd5 9. Qxd5 Nxd5 10. Bg2 Be6 11. 0-0 0-0-0 12. Nc3 Be7 13. Ne4 Ndb4 14. Bd2 Nc2 15. Rac1 Bxb3 16. axb3 N2d4 17. Rcd1 Nxe2+ 18. Kh2 Ned4 19. f4 f5 20. Nc3 e4 21. Be3 Nxb3 22. Nxe4 fxe4 23. Bxe4 Bc5 24. Bxc5 Nxc5 25. Bg2 Rxd1 26. Rxd1 Rd8 27. Rc1 Nd3 28. Bh3+ Kc7 29. Rc2 Ne1 30. Re2 Nf3+ 31. Kg2 Rd2 32. Rxd2 Nxd2 33. f5 Kd6 34. g4 hxg4 35. Bxg4 Ke5 36. Kg3 Nd4 0-1

[Event "Barcelona Sant Marti op-B 23rd"]
[Site "Barcelona"]
[Date "2023.07.20"]
[Round "8"]
[White "Blasco Cardona, Pol"]
[Black "Elizondo Marquet, Juan Marcos"]
[Result "1-0"]
[WhiteElo "1916"]
[BlackElo "1745"]
[PlyCount "67"]
[EventDate "2023.07.13"]
[EventType "swiss"]
[EventRounds "9"]
[EventCountry "ESP"]
[SourceTitle "CBM 215 Extra"]
[Source "ChessBase"]
[SourceDate "2023.09.30"]
[SourceVersion "1"]
[SourceVersionDate "2023.09.30"]
[SourceQuality "1"]

1. d4 Nf6 2. Nc3 d5 3. Bf4 c6 4. e3 Bf5 5. f3 e6 6. g4 Bg6 7. h4 h5 8. g5 Ng8 9. Bd3 Bxd3 10. Qxd3 Bd6 11. Nge2 Ne7 12. Bxd6 Qxd6 13. Nf4 Nd7 14. 0-0-0 e5 15. dxe5 Nxe5 16. Qe2 Nf5 17. Nfxd5 cxd5 18. Rxd5 Qe7 19. Qb5+ Nc6 20. Rxf5 Qxe3+ 21. Kb1 0-0 22. Nd5 Qd2 23. Nf6+ Kh8 24. Rd5 Nd4 25. Qc4 Rad8 26. Rxd8 Rxd8 27. Qxf7 Qxc2+ 28. Ka1 Nf5 29. Qxh5+ Nh6 30. Rb1 Qf5 31. gxh6 Qxf6 32. hxg7+ Kxg7 33. Rg1+ Kf8 34. Qh7 1-0

[Event "Barcelona Sant Marti op-B 23rd"]
[Site "Barcelona"]
[Date "2023.07.15"]
[Round "3"]
[White "Martin Arranz, Lluis"]
[Black "Blasco Cardona, Pol"]
[Result "0-1"]
[WhiteElo "1598"]
[BlackElo "1916"]
[PlyCount "70"]
[EventDate "2023.07.13"]
[EventType "swiss"]
[EventRounds "9"]
[EventCountry "ESP"]
[SourceTitle "CBM 215 Extra"]
[Source "ChessBase"]
[SourceDate "2023.09.30"]
[SourceVersion "1"]
[SourceVersionDate "2023.09.30"]
[SourceQuality "1"]

1. e4 e6 2. Qe2 Nc6 3. g3 e5 4. Nf3 d6 5. Bg2 g6 6. d3 Bg7 7. c3 Nge7 8. Bg5 h6 9. Be3 d5 10. Na3 Be6 11. Rd1 d4 12. cxd4 exd4 13. Bf4 Bxa2 14. 0-0 g5 15. Bd2 Ng6 16. Rc1 Be6 17. b4 Qe7 18. b5 Qxa3 19. bxc6 b6 20. e5 Bg4 21. Qe1 Qxd3 22. Nxg5 hxg5 23. Be4 Qe2 24. Bxg6 fxg6 25. Bxg5 Qxe1 26. Rfxe1 d3 27. Rc4 Be2 28. Re4 Bh6 29. Rh4 Bg7 30. Re4 0-0 31. Bd2 Rf3 32. e6 Re8 33. Kg2 Rf6 34. f4 Rfxe6 35. Rd4 Bxd4 0-1

[Event "Foment Martinenc op-A 23rd"]
[Site "Barcelona"]
[Date "2023.05.27"]
[Round "6"]
[White "Blasco Cardona, Pol"]
[Black "Vinolas Anglada, Laura"]
[Result "1/2-1/2"]
[WhiteElo "1795"]
[BlackElo "1866"]
[PlyCount "106"]
[EventDate "2023.04.22"]
[EventType "swiss"]
[EventRounds "9"]
[EventCountry "ESP"]
[SourceTitle "EXT 2024"]
[Source "ChessBase"]
[SourceDate "2023.10.10"]
[SourceVersion "1"]
[SourceVersionDate "2023.10.10"]
[SourceQuality "1"]

1. d4 d5 2. Nc3 Bf5 3. Bf4 e6 4. e3 Bd6 5. Bg3 Ne7 6. Nf3 Nbc6 7. Bd3 Qd7 8. Qd2 f6 9. e4 Bxg3 10. hxg3 dxe4 11. Bxe4 0-0-0 12. 0-0-0 Bxe4 13. Nxe4 Nf5 14. Nc5 Qd5 15. Nb3 a5 16. g4 Nh6 17. g5 Nf5 18. Qe2 a4 19. c4 Qd6 20. Nc5 Nfxd4 21. Nxd4 Nxd4 22. Rxd4 Qxd4 23. Nxe6 Qd3 24. Qxd3 Rxd3 25. g6 h6 26. Nxg7 Rg8 27. Nf5 Rd7 28. Rxh6 b6 29. g7 Rdxg7 30. Nxg7 Rxg7 31. Rxf6 Rxg2 32. Kd2 Kd7 33. Ke3 Ke7 34. Rh6 Rg1 35. Kd3 Rg2 36. Rh7+ Kd6 37. Rf7 Rg1 38. Rf8 a3 39. bxa3 Ra1 40. Rf6+ Ke7 41. Rf3 Rxa2 42. Ke4 Ke6 43. Kd4 Rd2+ 44. Kc3 Ra2 45. Kb4 Rb2+ 46. Ka4 Kd6 47. Rf5 Ke6 48. Rh5 Rxf2 49. Kb5 Kd6 50. Rd5+ Ke6 51. a4 Rf4 52. Rh5 Kd6 53. Rh6+ Kd7 1/2-1/2

[Event "Barcelona Sant Marti op-B 22nd"]
[Site "Barcelona"]
[Date "2022.07.19"]
[Round "7"]
[White "Blasco Cardona, Pol"]
[Black "Morais Carreras, Javier"]
[Result "1/2-1/2"]
[WhiteElo "1685"]
[BlackElo "1917"]
[PlyCount "73"]
[EventDate "2022.07.13"]
[EventType "swiss"]
[EventRounds "9"]
[EventCountry "ESP"]
[SourceTitle "CBM 210 Extra"]
[Source "ChessBase"]
[SourceDate "2022.11.30"]
[SourceVersion "1"]
[SourceVersionDate "2022.11.30"]
[SourceQuality "1"]

1. e4 e5 2. Nf3 Nf6 3. Nxe5 d6 4. Nf3 Nxe4 5. Nc3 Nxc3 6. dxc3 Be7 7. Be3 Nc6 8. Qd2 Be6 9. Nd4 Nxd4 10. cxd4 d5 11. Bd3 0-0 12. 0-0 Bd6 13. Bf4 c6 14. c3 Qc7 15. Bxd6 Qxd6 16. Rfe1 Rae8 17. Qc2 h6 18. Bf5 Qd7 19. Bxe6 Rxe6 20. Rxe6 Qxe6 21. Qd2 Re8 22. Kf1 Qg6 23. f3 Qd6 24. Re1 Re6 25. Rxe6 Qxe6 26. Kf2 Qf5 27. b3 Qb1 28. c4 Qa1 29. Kg3 g6 30. cxd5 cxd5 31. Qe3 Qxa2 32. Qe8+ Kg7 33. Qe5+ Kg8 34. Qxd5 b6 35. Qc4 Qd2 36. d5 Qg5+ 37. Kf2 1/2-1/2

[Event "Barcelona Sant Marti op-B 22nd"]
[Site "Barcelona"]
[Date "2022.07.17"]
[Round "5"]
[White "Blasco Cardona, Pol"]
[Black "Colom Andres, Xavier"]
[Result "1-0"]
[WhiteElo "1685"]
[BlackElo "1915"]
[PlyCount "51"]
[EventDate "2022.07.13"]
[EventType "swiss"]
[EventRounds "9"]
[EventCountry "ESP"]
[SourceTitle "CBM 210 Extra"]
[Source "ChessBase"]
[SourceDate "2022.11.30"]
[SourceVersion "1"]
[SourceVersionDate "2022.11.30"]
[SourceQuality "1"]

1. e4 c6 2. Nc3 d5 3. Nf3 dxe4 4. Nxe4 Nf6 5. Qe2 Nxe4 6. Qxe4 Nd7 7. Bc4 e6 8. d4 Nf6 9. Qe2 Be7 10. 0-0 0-0 11. c3 Qc7 12. Bd3 c5 13. Bg5 Bd7 14. Ne5 Bc6 15. dxc5 Rad8 16. Rad1 Nd5 17. Nxc6 bxc6 18. Qe4 g6 19. Be3 Rb8 20. Bd4 Qf4 21. Qxf4 Nxf4 22. Be5 Nxd3 23. Bxb8 Nxb2 24. Bd6 Rd8 25. Rb1 Nc4 26. Bxe7 1-0

[Event "Barcelona Sant Marti op-B 22nd"]
[Site "Barcelona"]
[Date "2022.07.16"]
[Round "4"]
[White "Mas Recorda, Pere"]
[Black "Blasco Cardona, Pol"]
[Result "1/2-1/2"]
[WhiteElo "1877"]
[BlackElo "1685"]
[PlyCount "36"]
[EventDate "2022.07.13"]
[EventType "swiss"]
[EventRounds "9"]
[EventCountry "ESP"]
[SourceTitle "CBM 210 Extra"]
[Source "ChessBase"]
[SourceDate "2022.11.30"]
[SourceVersion "1"]
[SourceVersionDate "2022.11.30"]
[SourceQuality "1"]

1. d4 Nf6 2. Nf3 c5 3. e3 e6 4. c4 d5 5. Nc3 Nc6 6. cxd5 exd5 7. Be2 Be7 8. 0-0 0-0 9. dxc5 Bxc5 10. a3 a6 11. b4 Be7 12. Bb2 Be6 13. Qd3 Qc7 14. Rac1 Ne5 15. Qd4 Nc6 16. Qd3 Ne5 17. Qd4 Nc6 18. Qd3 Ne5 1/2-1/2

[Event "Barcelona Sant Marti op-B 22nd"]
[Site "Barcelona"]
[Date "2022.07.14"]
[Round "2"]
[White "Blasco Cardona, Pol"]
[Black "Pardina Domenech, Victor"]
[Result "1-0"]
[WhiteElo "1685"]
[BlackElo "1909"]
[PlyCount "115"]
[EventDate "2022.07.13"]
[EventType "swiss"]
[EventRounds "9"]
[EventCountry "ESP"]
[SourceTitle "CBM 210 Extra"]
[Source "ChessBase"]
[SourceDate "2022.11.30"]
[SourceVersion "1"]
[SourceVersionDate "2022.11.30"]
[SourceQuality "1"]

1. d4 Nf6 2. Bf4 g6 3. Nc3 d5 4. Nf3 Bg7 5. e3 c6 6. Be2 0-0 7. h3 Nbd7 8. 0-0 Re8 9. Re1 h6 10. Ne5 Nh7 11. Nxd7 Bxd7 12. Nb1 e5 13. dxe5 Bxe5 14. Bxe5 Rxe5 15. Nd2 Qc8 16. Nf3 Rh5 17. Nd4 Rh4 18. Nf3 Rb4 19. b3 Ng5 20. Nxg5 hxg5 21. c4 dxc4 22. Bxc4 Rb6 23. Qf3 Be6 24. Bxe6 Qxe6 25. Qg3 Qe7 26. Rad1 Rd8 27. Qg4 Ra6 28. Rxd8+ Qxd8 29. Rd1 Qf6 30. a4 Rb6 31. b4 Qe7 32. Rd7 Qe5 33. a5 Rb5 34. Rxb7 f5 35. Qc4+ Rd5 36. Rd7 Qa1+ 37. Kh2 Qe5+ 38. g3 Qb2 39. Kg2 Kf8 40. Rxd5 cxd5 41. Qc5+ Ke8 42. Qxa7 Qxb4 43. Qa8+ Kd7 44. Qxd5+ Kc7 45. a6 Qb6 46. a7 Qxa7 47. Qf7+ Kb8 48. Qxa7+ Kxa7 49. Kf3 Kb7 50. h4 Kc6 51. hxg5 Kd6 52. Kf4 Kd5 53. f3 Kd6 54. g4 fxg4 55. Kxg4 Ke5 56. Kg3 Kf5 57. f4 Ke4 58. Kg4 1-0

[Event "Foment Martinenc op-B 22nd"]
[Site "Barcelona"]
[Date "2022.05.21"]
[Round "5"]
[White "Campoy Prades, Marc"]
[Black "Blasco Cardona, Pol"]
[Result "1-0"]
[WhiteElo "1744"]
[BlackElo "1421"]
[PlyCount "67"]
[EventDate "2022.04.23"]
[EventType "swiss"]
[EventRounds "9"]
[EventCountry "ESP"]
[SourceTitle "EXT 2023"]
[Source "ChessBase"]
[SourceDate "2022.10.05"]
[SourceVersion "1"]
[SourceVersionDate "2022.10.05"]
[SourceQuality "1"]

1. e4 c5 2. Nc3 e6 3. f4 d5 4. Nf3 dxe4 5. Nxe4 Nc6 6. Bb5 Bd7 7. 0-0 Be7 8. d3 Nh6 9. Ng3 0-0 10. c3 Bh4 11. Qe1 Bxg3 12. Qxg3 Nf5 13. Qh3 Nb8 14. Bc4 Nd6 15. Bb3 e5 16. Qh5 Bf5 17. Nxe5 Bxd3 18. Nxd3 c4 19. Bc2 cxd3 20. Bxd3 Qb6+ 21. Kh1 g6 22. Qf3 Nd7 23. Qf2 Nc5 24. Be3 Rac8 25. Bc2 Rfe8 26. b4 Nd3 27. Bxb6 Nxf2+ 28. Bxf2 Rxc3 29. Bb3 a6 30. Rac1 Ne4 31. Rxc3 Nxc3 32. Rc1 Ne2 33. Re1 Kg7 34. Bc4 1-0

[Event "Foment Martinenc op-B 22nd"]
[Site "Barcelona"]
[Date "2022.05.14"]
[Round "4"]
[White "Blasco Cardona, Pol"]
[Black "Valero Roca, Roger"]
[Result "1-0"]
[WhiteElo "1421"]
[BlackElo "1377"]
[PlyCount "59"]
[EventDate "2022.04.23"]
[EventType "swiss"]
[EventRounds "9"]
[EventCountry "ESP"]
[SourceTitle "EXT 2023"]
[Source "ChessBase"]
[SourceDate "2022.10.05"]
[SourceVersion "1"]
[SourceVersionDate "2022.10.05"]
[SourceQuality "1"]

1. d4 Nf6 2. Nc3 d5 3. Bf4 c6 4. e3 Bf5 5. f3 Nh5 6. Bxb8 Qxb8 7. g4 Ng3 8. hxg3 Qxg3+ 9. Kd2 Bg6 10. f4 e6 11. Qf3 Qxf3 12. Nxf3 f6 13. Bd3 Bxd3 14. Kxd3 Bb4 15. Ne2 Kf7 16. c3 Bd6 17. b4 b5 18. a4 a6 19. axb5 cxb5 20. Ra2 Ra7 21. Rha1 Rha8 22. Nc1 g6 23. g5 f5 24. Nb3 Ke7 25. Ne5 Bxe5 26. dxe5 Kf7 27. Nc5 Ke7 28. Rxa6 Rxa6 29. Rxa6 Rxa6 30. Nxa6 1-0

[Event "Foment Martinenc op-C 19st"]
[Site "Barcelona"]
[Date "2017.05.06"]
[Round "3.28"]
[White "Rivas Garcia, Alberto"]
[Black "Blasco Cardona, Pol"]
[Result "1-0"]
[WhiteElo "1709"]
[BlackElo "1330"]
[PlyCount "119"]
[EventDate "2017.04.22"]
[EventType "swiss"]
[EventRounds "9"]
[EventCountry "ESP"]
[SourceTitle "EXT 2024"]
[Source "ChessBase"]
[SourceDate "2023.10.10"]
[SourceVersion "1"]
[SourceVersionDate "2023.10.10"]
[SourceQuality "1"]

1. c4 Nf6 2. Nc3 e5 3. Nf3 e4 4. Ng5 Nc6 5. Ngxe4 Nxe4 6. Nxe4 f5 7. Nc3 Bc5 8. d3 0-0 9. g3 d6 10. Bg2 Be6 11. 0-0 Qe7 12. a3 a5 13. b3 Bd4 14. Bb2 Qf6 15. Qd2 Rf7 16. e3 Bxc3 17. Bxc3 Ne5 18. Bxb7 Rb8 19. Bg2 Rxb3 20. Qc2 Rxc3 21. Qb1 Ng4 22. Qb8+ Rf8 23. Qxc7 Rc8 24. Qxd6 Rd8 25. Qb6 Rdxd3 26. c5 Qh6 27. h3 Ne5 28. Qxa5 Nc6 29. Qa8+ Nd8 30. Rfd1 Bb3 31. Rxd3 Rxd3 32. c6 Rc3 33. Qxd8+ Kf7 34. Bd5+ Bxd5 35. Qxd5+ Ke7 36. Qe5+ Kd8 37. Qxc3 Kc7 38. Qa5+ Kxc6 39. Qa6+ Kd7 40. Qxh6 gxh6 41. Rc1 Ke6 42. a4 Kf6 43. a5 h5 44. a6 Kg5 45. Rc6 h4 46. gxh4+ Kxh4 47. Rh6+ Kg5 48. Rxh7 Kg6 49. Rd7 Kf6 50. a7 Ke6 51. Rd1 Ke5 52. a8Q Ke6 53. Rd5 Kf6 54. f4 Kg6 55. Qc6+ Kh5 56. Rxf5+ Kh4 57. Qh6+ Kg3 58. Re5 Kf3 59. Qh5+ Kg3 60. Qg4# 1-0

[Event "Foment Martinenc op-C 19st"]
[Site "Barcelona"]
[Date "2017.04.22"]
[Round "1.44"]
[White "Catala Ulied, Carles"]
[Black "Blasco Cardona, Pol"]
[Result "0-1"]
[WhiteElo "1701"]
[BlackElo "1330"]
[PlyCount "42"]
[EventDate "2017.04.22"]
[EventType "swiss"]
[EventRounds "9"]
[EventCountry "ESP"]
[SourceTitle "EXT 2024"]
[Source "ChessBase"]
[SourceDate "2023.10.10"]
[SourceVersion "1"]
[SourceVersionDate "2023.10.10"]
[SourceQuality "1"]

1. e4 e5 2. Nf3 Nc6 3. Bc4 Bc5 4. d3 Nf6 5. Bg5 0-0 6. Nc3 d6 7. h3 h6 8. Bh4 Be6 9. Nd5 g5 10. Bg3 h5 11. Nxg5 Bxd5 12. Bxd5 Nxd5 13. exd5 Qxg5 14. dxc6 bxc6 15. Qe2 f5 16. Qf3 e4 17. dxe4 fxe4 18. Qxe4 Rae8 19. Qxe8 Rxe8+ 20. Kf1 Rf8 21. Re1 Qxg3 0-1